Statistics for U.S. General Knowledge by Letter - E

Click here to take the quiz!

General Stats

  • This quiz has been taken 100 times
    (99 since last reset)
  • The average score is 10 of 20

Answer Stats

HintAnswer% Correct
Language spoken by the most people in USAEnglish
100%
Great LakeErie
97%
Pennsylvania City on Lake Erie CoastErie
97%
last name of the inventor of the light bulbEdison
91%
Central New Jersey CityEdison
91%
Big city on the border between US and MexicoEl Paso
83%
National Park in FloridaEverglades
80%
Deer Species of Northern USAElk
57%
3rd Biggest City in OregonEugene
53%
Common U.S. Girl NameEmily
43%
Washington state nicknameEvergreen State
40%
Suburb of ChicagoEvanston
27%
Major city on Kentucky and Indiana borderEvansville
26%
Major City in WashingtonEverett
18%
Wyoming state nicknameEquality State
14%
City in Pennsylvania next to AllentownEaston
11%
Another Suburb of ChicagoElgin
10%
Northern Indiana CityElkhart
8%
New York State BirdEastern Bluebird
7%
State Bird of IowaEastern Goldfinch
3%

Score Distribution

Percentile by Number Answered

Percent of People with Each Score

Your Score History

You have not taken this quiz since the last reset